Egészségügyi dolgozók ifjúsági parlamentje Helytállásról és gondokról
Elmentve itt :
| Dokumentumtípus: | Cikk |
|---|---|
| Megjelent: |
1982-02-28
|
| Sorozat: | Délmagyarország
72 No. 50 |
| Kulcsszavak: | egészségügyi személyzet |
| Online Access: | http://dmarchiv.bibl.u-szeged.hu/102945 |
| LEADER | 00467nab a2200145 i 4500 | ||
|---|---|---|---|
| 001 | delm102945 | ||
| 005 | 20190625084419.0 | ||
| 008 | 190625s1982 hu o 0|| hun d | ||
| 040 | |a SZTE Délmagyarország Archívum |b hun | ||
| 041 | |a hun | ||
| 245 | 0 | 0 | |a Egészségügyi dolgozók ifjúsági parlamentje |h [elektronikus dokumentum] : |b Helytállásról és gondokról |
| 260 | |c 1982-02-28 | ||
| 300 | |a 3 | ||
| 490 | 0 | |a Délmagyarország |v 72 No. 50 | |
| 695 | |a egészségügyi személyzet | ||